Geography Quiz

Random Geography or Flags Quiz

Sporcle-fied Flags II Quiz Stats

Quiz Updated Jul 12, 2017

Also try: Sporcle-fied Flags
Challenge
Share
Tweet
Score 0/20 Timer 05:00
1 Play Today
Hint Answer % Correct
Brazil
87%
Kenya
78.8%
Argentina
76.3%
Portugal
75%
Uruguay
65.2%
Macedonia
64.3%
India
63.8%
Tunisia
56.1%
Kazakhstan
55.4%
Uganda
53.1%
Hint Answer % Correct
Burundi
45%
North Korea
42.8%
Ethiopia
42.7%
Cabo Verde
40.1%
Belize
35.7%
Dominica
34.8%
Afghanistan
23.5%
Eritrea
19.7%
Grenada
18.2%
Paraguay
4.9%

You're not logged in!

Compare scores with friends on all Sporcle quizzes.
Sign Up with Email
OR
Log In

You Might Also Like...

Show Comments

Extras

Top Quizzes Today


Score Distribution

Your Account Isn't Verified!

In order to create a playlist on Sporcle, you need to verify the email address you used during registration. Go to your Sporcle Settings to finish the process.